Time cost plan of construction (Record no. 108116)
[ view plain ]
| 000 -LEADER | |
|---|---|
| fixed length control field | 00555cam a22002055a 4500 |
| 001 - CONTROL NUMBER | |
| control field | L143325 |
| 008 - FIXED-LENGTH DATA ELEMENTS--GENERAL INFORMATION | |
| fixed length control field | 080425s1993 xxk f 000 0 eng d |
| 020 ## - INTERNATIONAL STANDARD BOOK NUMBER | |
| International Standard Book Number | 0854066292 |
| 035 ## - SYSTEM CONTROL NUMBER | |
| System control number | (Sirsi) u143325 |
| 041 0# - LANGUAGE CODE | |
| Language code of text/sound track or separate title | eng |
| 100 1# - MAIN ENTRY--PERSONAL NAME | |
| Personal name | Atkin, Brian |
| 245 00 - TITLE STATEMENT | |
| Title | Time cost plan of construction |
| 260 ## - PUBLICATION, DISTRIBUTION, ETC. | |
| Place of publication, distribution, etc. | London |
| Name of publisher, distributor, etc. | RICS |
| Date of publication, distribution, etc. | 1993 |
| 300 ## - PHYSICAL DESCRIPTION | |
| Extent | 78p. |
| Other physical details | ill. |
| Dimensions | 30cm. |
| 651 #4 - SUBJECT ADDED ENTRY--GEOGRAPHIC NAME | |
| Geographic name | United Kingdom |
| Chronological subdivision | |
| 690 ## - LOCAL SUBJECT ADDED ENTRY--TOPICAL TERM (OCLC, RLIN) | |
| Topical term or geographic name as entry element | BUILT ENVIRONMENT-QUANTITY SURVEYING-CONSTRUCTION COST ESTIMATING |
| 700 1# - ADDED ENTRY--PERSONAL NAME | |
| Personal name | Akintoye, Akintola |
| 700 1# - ADDED ENTRY--PERSONAL NAME | |
| Personal name | Skitmore, Martin |
| 942 ## - ADDED ENTRY ELEMENTS (KOHA) | |
| Suppress in OPAC | 0 |
| Withdrawn status | Lost status | Source of classification or shelving scheme | Damaged status | Not for loan | Home library | Current library | Shelving location | Date acquired | Total Checkouts | Full call number | Barcode | Date last seen | Copy number | Price effective from | Koha item type |
|---|---|---|---|---|---|---|---|---|---|---|---|---|---|---|---|
| Dewey Decimal Classification | London | London | RICS Boxes | 25/04/2008 | RICS 1993/125 | 30074622 | 06/08/2019 | 1 | 06/08/2019 | Reference material |